Economics of Water Management in Agriculture (Record no. 14619)
[ view plain ]
| 000 -LEADER | |
|---|---|
| fixed length control field | 00335nam a22001337a 4500 |
| 022 ## - INTERNATIONAL STANDARD SERIAL NUMBER | |
| ISSN | 9781482238396 |
| 082 ## - DEWEY DECIMAL CLASSIFICATION NUMBER | |
| Classification number | 627.52 |
| Item number | BOU/EC |
| 245 ## - TITLE STATEMENT | |
| Title | Economics of Water Management in Agriculture |
| 260 ## - PUBLICATION, DISTRIBUTION, ETC. (IMPRINT) | |
| Place of publication | Boca Raton |
| Name of publisher | CRC Press |
| Year of publication | 2015 |
| 300 ## - PHYSICAL DESCRIPTION | |
| Number of Pages | 361 |
| 700 ## - ADDED ENTRY--PERSONAL NAME | |
| Personal name | Bournaris,Thomas |
| 700 ## - ADDED ENTRY--PERSONAL NAME | |
| Personal name | Berbel,Julio |
| 942 ## - ADDED ENTRY ELEMENTS (KOHA) | |
| Koha item type | Books |
| Withdrawn status | Lost status | Damaged status | Collection code | Home library | Current library | Shelving location | Date acquired | Source of acquisition | Cost, normal purchase price | Full call number | Accession Number | Koha item type |
|---|---|---|---|---|---|---|---|---|---|---|---|---|
| KAUAET | KAUAET | General Stacks | 21/07/2016 | Dream Tech, Trivandrum | 8953.40 | 627.52 BOU/EC | 24776 | Books |
